書劍波瀾
| 資料類型: | 圖書 | 書目號: | 48914 |
Leader xxxxxxxxxx 005 __ 20120103121725.0 010 1_ |a9789860310658|b|d新臺幣180元 100 __ |a20120103d2008 cd 0 101 __ |achi 102 __ |ach 105 __ |aa a 000yy 110 __ |ay z 200 1_ |a書劍波瀾|e|f彭鏡禧總編 205 __ |a 210 __ |a新北市|c國家教育研究院|d民100 215 1_ |a面 ;|c|d公分 225 __ |a|v 300 __ |a 681 __ |a855 700 __ |a彭鏡禧|b|4總編 702 __ |a|b|4 801 __ |bCCU 856 40 |2http |